00360nam a2200133 a 45000010010000000030011000100080041000210350026000620820016000881000019001042450021001232600061001446500021002050000-9137ELIB.Books110520 1992  a(ELIB.Books)0000-9289 a261.2 bBur aBurnett, David aUnearthly Powers bNashville: A Division Of Thomas Nelson Publishers c1992 aChristian Church